Catálogo
 En Linea

La República Dominicana en la gloriosa era de Trujillo / (Registro nro. 27056)

Detalles MARC
000 -CABECERA
campo de control de longitud fija 00533nam a2200157 a 4500
001 - NÚMERO DE CONTROL
campo de control 000027564
005 - FECHA Y HORA DE LA ÚLTIMA TRANSACCIÓN
campo de control 20200930030927.0
008 - DATOS DE LONGITUD FIJA--INFORMACIÓN GENERAL
campo de control de longitud fija 110401s1958 dr r 000 0 spa d
040 ## - FUENTE DE LA CATALOGACIÓN
Centro catalogador/agencia de origen DO-SdBNP
Lengua de catalogación spa
Centro/agencia transcriptor BNPHU
082 ## - NÚMERO DE LA CLASIFICACIÓN DECIMAL DEWEY
Número de clasificación xxxx
Número de documento/Ítem C659R
100 1# - ENTRADA PRINCIPAL--NOMBRE DE PERSONA
Nombre de persona Cocco Sánchez, Luis Ramón
9 (RLIN) 54654
245 13 - MENCIÓN DE TÍTULO
Título La República Dominicana en la gloriosa era de Trujillo /
Mención de responsabilidad, etc. Luis Ramón Cocco Sánchez.
260 ## - PUBLICACIÓN, DISTRIBUCIÓN, ETC.
Lugar de publicación, distribución, etc. Ciudad Trujillo, República Dominicana :
Nombre del editor, distribuidor, etc. Del Caribe,
Fecha de publicación, distribución, etc. 1958.
300 ## - DESCRIPCIÓN FÍSICA
Extensión v. ;
Dimensiones 23 cm.
500 ## - NOTA GENERAL
Nota general La biblioteca posee el volumen 1
Existencias
Estado de retiro Estado de pérdida Restricciones de uso No para préstamo Código de colección Localización permanente Ubicación/localización actual Ubicación en estantería Fecha de adquisición Número de inventario Total de préstamos Signatura topográfica completa Código de barras Fecha visto por última vez Precio válido a partir de Tipo de ítem Koha Nota pública Número de copia
      Excluido de préstamo Raros y valiosos Patrimonio Dominicano Patrimonio Dominicano Depósito 01.04.2011 LF1   xxxx C659R 27564-10 25.06.2020 25.06.2020 No se presta Perteneció a la biblioteca personal de Martínez Boog.  
      Excluido de préstamo Raros y valiosos Patrimonio Dominicano Patrimonio Dominicano Depósito 23.08.2011 LF1   xxxx C659R 27564-20 25.06.2020 25.06.2020 No se presta   e. 2

Con tecnología Koha